Countries that Border the Arctic Circle - Statistics

General Stats
  • This quiz has been taken 27 times
    11 since last reset
  • The average score is 8 of 8
Answer Stats
Answer % Correct
Canada
100%
Denmark
100%
Finland
100%
Norway
100%
Russia
100%
Sweden
90%
United States
90%
Iceland
80%
No matching quizzes found
Score Distribution
Percent of People with Each Score
Percentile by Number Answered
Your Score History
You have not taken this quiz since the last reset